| 000 | 00466nam a22001457a 4500 | ||
|---|---|---|---|
| 005 | 20251014162639.0 | ||
| 008 | 251014b |||||||| |||| 00| 0 eng d | ||
| 020 | _a978-3-527-32636-5 | ||
| 040 |
_aNational Science Library _cNational Science Library |
||
| 080 |
_a615:681.3 _bQ1 |
||
| 245 |
_aVirtual Screening: _bPrinciples, Challenges, and Practical guidelines |
||
| 260 |
_aGermany: _bWILEY-VCH Verlag & Co. KGaA _c2011 |
||
| 300 | _axxx, 517p. | ||
| 942 |
_2udc _cBK |
||
| 999 |
_c67836 _d67836 |
||